| 000 -CABECERA |
| Campo de control de longitud fija |
01658nam a22003137a 4500 |
| 003 - IDENTIFICADOR DEL NÚMERO DE CONTROL |
| Campo de control |
OSt |
| 005 - FECHA Y HORA DE LA ÚLTIMA TRANSACCIÓN |
| Campo de control |
20260407102558.0 |
| 008 - CÓDIGOS DE INFORMACIÓN DE LONGITUD FIJA |
| Campo de control de longitud fija |
260407t2018 xxu||||| |||| 00| 0 spa d |
| 020 ## - NÚMERO INTERNACIONAL NORMALIZADO PARA LIBROS (ISBN) |
| Número Internacional Normalizado para Libros (ISBN) |
9786079778484 |
| 040 ## - FUENTE DE LA CATALOGACIÓN |
| Centro catalogador de origen |
Unicoc |
| Lengua de catalogación |
spa |
| Centro que cataloga |
Bogotá (Dr. David Ordóñez Rueda) - Campus Norte |
| Centro modificador |
Bogotá (Dr. David Ordóñez Rueda) - Campus Norte |
| 082 ## - NÚMERO DE LA CLASIFICACIÓN DECIMAL DEWEY |
| Número de clasificación |
362.28 |
| 100 ## - PUNTO DE ACCESO PRINCIPAL - NOMBRE DE PERSONA |
| 9 (RLIN) |
12855 |
| Nombre de persona |
Ortega González, Mauricio |
| 245 ## - MENCIÓN DE TÍTULO |
| Título |
Comportamiento suicida |
| Subtitulo o Resto del título |
: reflexiones críticas para su estudio desde un sistema psicológico |
| Mención de responsabilidad etc. |
/ Mauricio Ortega González |
| 250 ## - MENCIÓN DE EDICIÓN |
| Mención de edición |
1 Ed. |
| 260 ## - PUBLICATION, DISTRIBUTION, ETC. (IMPRINT) |
| Lugar de publicación distribución etc. |
México : |
| Nombre del editor distribuidor etc. |
Qartuppi , |
| Fecha de publicación distribución etc. |
2018. |
| 300 ## - DESCRIPCIÓN FÍSICA |
| Extensión |
150 páginas |
| Otras características físicas |
Fotografías, tablas, diagramas |
| 500 ## - NOTA GENERAL |
| Nota general |
Incluye referencias bibliográficas |
| 505 ## - NOTA DE CONTENIDO CON FORMATO |
| Título |
Capítulo 1. Antecedentes históricos y filosóficos del suicidio. -- |
| -- |
Capítulo 2. Teorías e investigaciones sobre el suicidio en la psicología contemporánea. -- |
| -- |
Capítulo 3. Consideraciones conceptuales acerca del suicidio. -- |
| -- |
Capítulo 4. Comportamiento suicida: una aproximación desde la Psicología interconductual. -- |
| -- |
Capítulo 5. Tecnología interconductual aplicada al comportamiento suicida. -- |
| -- |
Capítulo 6. Reflexiones en torno al control del suicidio. -- |
| 526 ## - NOTA DE INFORMACIÓN SOBRE EL PROGRAMA DE ESTUDIO |
| Institución que aplica el campo |
Unicoc |
| 546 ## - NOTA DE LENGUA |
| Nota de lengua |
Español |
| 650 #0 - PUNTO DE ACCESO ADICIONAL DE MATERIA - TÉRMINO DE MATERIA |
| 9 (RLIN) |
10740 |
| Término de materia o nombre geográfico como elemento inicial |
Conducta suicida |
| 650 #0 - PUNTO DE ACCESO ADICIONAL DE MATERIA - TÉRMINO DE MATERIA |
| 9 (RLIN) |
12856 |
| Término de materia o nombre geográfico como elemento inicial |
Prevención suicidio |
| 650 #0 - PUNTO DE ACCESO ADICIONAL DE MATERIA - TÉRMINO DE MATERIA |
| 9 (RLIN) |
12857 |
| Término de materia o nombre geográfico como elemento inicial |
Filosofía del suicidio |
| 650 #0 - PUNTO DE ACCESO ADICIONAL DE MATERIA - TÉRMINO DE MATERIA |
| 9 (RLIN) |
12858 |
| Término de materia o nombre geográfico como elemento inicial |
Comportamiento suicida |
| 650 #0 - PUNTO DE ACCESO ADICIONAL DE MATERIA - TÉRMINO DE MATERIA |
| 9 (RLIN) |
453 |
| Término de materia o nombre geográfico como elemento inicial |
Psicología |
| Subdivisión de materia general |
Tecnología |
| 658 #0 - TÉRMINO DE INDIZACIÓN - OBJETIVO CURRICULAR |
| 9 (RLIN) |
10741 |
| Programa Académico |
Programa de Psicología |
| 856 ## - LOCALIZACIÓN Y ACCESO ELECTRÓNICOS |
| Texto del enlace |
Acceso online exclusivo para comunidad Unicoc |
| Identificador Uniforme del Recurso (URI) |
https://unicoceduco-my.sharepoint.com/:b:/g/personal/direccionbiblioteca_unicoc_edu_co/IQA6tx2E9M_WRbVm92GTbCVXAR9hByG2L-UZJvR_AenznpQ |
| 942 ## - ENTRADA PARA ELEMENTOS AGREGADOS (KOHA) |
| Fuente de clasificación o esquema de ordenación en estanterías |
|
| Koha [por defecto] tipo de item |
Libro electrónico |